| 000 | 00911nam a2200229Ii 4500 | ||
|---|---|---|---|
| 003 | JO-AjNU | ||
| 008 | 230605s9999||||xx |||||||||||||| ||und|| | ||
| 017 | _a2016/20133 | ||
| 020 | _a978-977-722-010-1 | ||
| 040 |
_aJO-AjNU _bara _erda _cJO-AjNU |
||
| 041 | _aara | ||
| 050 | 1 | 4 | _aTK5105 2016 |
| 100 | 3 |
_aتاليف Martin, Gail Z؛ ترجمة هبة عجينة, _eauthor _959773 |
|
| 245 | 0 | 0 | _aمواقع التواصل الاجتماعي: ادوات التغيير العصرية عبر الانترنت |
| 250 | _aط1 | ||
| 264 | 3 | 1 | _aالقاهرة: المجموعة العربية للتدريب والنشر، 2016 |
| 300 | _a225ص | ||
| 336 |
_atext _btxt _2rdacontent |
||
| 337 |
_aunmediated _bn _2rdamedia |
||
| 338 |
_avolume _bnc _2rdacarrier |
||
| 650 | 4 |
_aالانترنت-الاتصالات الالكترونية-حاسبات الكترونية-التواصل الاجتماعي _959774 |
|
| 999 |
_aA26915 _c30483 _d30483 |
||